علم المناسبات في السور و الآيات، (رقم التسجيلة. 33832)

تفاصيل مارك
000 -الفاتح
عناصر البيانات ثابتة الطول 01229cam a2200217 i 4500
005 - تاريخ ووقت آخر معاملة
حقل ضبط 20251120121627.0
008 - عناصر البيانات ثابتة الطول
عناصر البيانات ثابتة الطول 250721s2002 su gr 000 0 ara d
082 14 - رقم تصنيف ديوي العشري
رقم التصنيف 211.18
رقم المادة س ي و
100 1# - مدخل رئيسي – اسم شخصي
الاسم الشخصي السيوطي، جلال الدين أبو الفضل عبد الرحمن
علاقة الشخص بالعمل/ دوره مؤلف.
245 10 - بيان العنوان
العنوان علم المناسبات في السور و الآيات،
بقية العنوان ويليه، مراصد المطالع في تناسب المقاطع والمطالع /
بيان المسؤولية للشيخ الإمام جلال الدين أبو الفضل عبد الرحمن السيوطي الشافعي. ؛ تحقيق د. محمد بن عمر بن سالم بازمول.
246 10 - الأشكال المختلفة للعنوان
العنوان الفعلي/العنوان المختصر ويليه، مراصد المطالع في تناسب المقاطع والمطالع للشيخ الإمام جلال الدين أبو الفضل عبد الرحمن السيوطي الشافعي.
264 31 - بيانات النشر، التوزيع…إلخ
مكان النشر، التوزيع...إلخ مكة المكرمة :
اسم الناشر، الموزع...إلخ المكتبة المكية،
تاريخ النشر، التوزيع...إلخ 2002.
300 ## - الوصف المادي
عدد الوحدات المكونة للوعاء 207 صفحة.
650 17 - مدخل إضافي بالموضوع - مصطلح موضوعي
مصطلح موضوعي أو اسم جغرافي كعنصر مدخل سور القرآن.
650 17 - مدخل إضافي بالموضوع - مصطلح موضوعي
مصطلح موضوعي أو اسم جغرافي كعنصر مدخل القرآن الكريم.
650 17 - مدخل إضافي بالموضوع - مصطلح موضوعي
مصطلح موضوعي أو اسم جغرافي كعنصر مدخل المناسبات.
650 17 - مدخل إضافي بالموضوع - مصطلح موضوعي
مصطلح موضوعي أو اسم جغرافي كعنصر مدخل آيات القرآن.
700 1# - مدخل إضافي - اسم شخصي
الاسم الشخصي بازمول، محمد بن عمر
علاقة الشخص بالعمل/ دوره محقق.
942 ## - بيانات إضافية (كوها)
نوع التنصيف Dewey Decimal Classification
نوع المادة (كوها) كتب
المقتنيات
حالة السحب حالة الفقدان مصدر التصنيف حالة التلف غير قابل للإعارة المكتبة الرئيسية المكتبة الحالية موقع الرف تاريخ التزويد الرقم المتسلسل Total Checkouts رقم الإستدعاء الباركود تاريخ آخر ظهور تاريخ الفاتورة نوع المادة (كوها)
    Dewey Decimal Classification     المكتبة المركزية المكتبة المركزية الإعارة 06/07/2004 563725   211.18 / س ي و 563725 28/07/2025 06/07/2004 كتب
    Dewey Decimal Classification Unchecked   مكتبة أبو علندا العامة مكتبة أبو علندا العامة الإعارة 06/07/2004 563733   211.18/سيو   28/07/2025 06/07/2004 كتب
    Dewey Decimal Classification     مكتبة الأميرة ايمان العامة مكتبة الأميرة ايمان العامة الإعارة 06/07/2004 563729   211.18/سيو 563729 28/07/2025 06/07/2004 كتب
    Dewey Decimal Classification Unchecked   مكتبة الحسن العامة مكتبة الحسن العامة الإعارة 06/07/2004 563732   211.18/سيو   28/07/2025 06/07/2004 كتب
    Dewey Decimal Classification     مكتبة حمزة العامة مكتبة حمزة العامة الإعارة 06/07/2004 563731   211.18/سيو 563731 28/07/2025 06/07/2004 كتب
    Dewey Decimal Classification     مكتبة صويلح العامة مكتبة صويلح العامة الإعارة 06/07/2004 563730   211.18/سيو 563730 28/07/2025 06/07/2004 كتب
Implemented & Customized by: BBB with SCIT (Smart Chains for Information Technology)

Powered by Koha